MCDONALDIZATION OF SOCIETY 5 (Record no. 9101)

MARC details
000 -LEADER
fixed length control field 00341nam a2200133Ia 4500
008 - FIXED-LENGTH DATA ELEMENTS--GENERAL INFORMATION
fixed length control field 240624s9999 xx 000 0 und d
041 ## - LANGUAGE CODE
Language code of text/sound track or separate title eng
082 ## - DEWEY DECIMAL CLASSIFICATION NUMBER
Classification number 306.0973 RIT
100 ## - MAIN ENTRY--PERSONAL NAME
Personal name RITZER GEORGE
245 ## - TITLE STATEMENT
Title MCDONALDIZATION OF SOCIETY 5
260 ## - PUBLICATION, DISTRIBUTION, ETC.
Date of publication, distribution, etc. 2008
Place of publication, distribution, etc. London
Name of publisher, distributor, etc. Pine Forge Press
300 ## - PHYSICAL DESCRIPTION
Extent xix, : 300 : p. : cm. ; 22
365 ## - TRADE PRICE
Currency code
Price amount 30
Holdings
Withdrawn status Lost status Damaged status Not for loan Home library Current library Shelving location Date acquired Source of acquisition Cost, normal purchase price Full call number Barcode Date last seen Copy number Price effective from Koha item type
        IMTN IMTN Rack 6-B 06/08/2008 AP 36.95 306.0973 RIT 9101 06/24/2024 42.3 06/24/2024 Books
Designed & Maintained by: LRC IMT Nagpur Contact: lrc@imtnag.ac.in© 2024. All Rights Reserved.